000 00962nam a22002177a 4500
999 _c18379
_d18379
003 BDDh-ASL
005 20231015025714.0
008 200928b1993 ||||| |||| 00| 0 d
020 _a9844080061
040 _aBDDh-ASL
_cBDDh-ASL
_dBDDh-ASL
041 _aBengali
082 _a323.44
_bRAS
100 _9665
_aরাসেল, বার্ট্রান্ড
245 0 _aসংশয়ী রচনা /
_cবার্ট্রান্ড রাসেল; আহমদ ছফা (অনু.)।
246 _aSangsoye Rachana.
260 _aঢাকা:
_bখান ব্রার্দাস এ্যাণ্ড কোম্পানি,
_c১৯৯৩।
300 _a১৭২ পৃষ্ঠা:
_c২২ সে. মি.।
650 0 _91229
_aরাষ্ট্র ও সরকার
_xজনগণের সাথে রাষ্ট্রের সম্পর্ক
700 0 _91228
_aছফা, আহমদ
942 _2ddc
_cBK